Vista normal Vista MARC

Entrada Topical Term

Número de registros utilizados en: 2

001 - CONTROL NUMBER

  • control field: 8477

003 - CONTROL NUMBER IDENTIFIER

  • control field: OSt

005 - DATE AND TIME OF LATEST TRANSACTION

  • control field: 20200805202434.0

008 - FIXED-LENGTH DATA ELEMENTS

  • fixed length control field: 200805|| aca||aabn | a|a d

040 ## - CATALOGING SOURCE

  • Original cataloging agency: OSt
  • Transcribing agency: OSt

150 ## - HEADING--TOPICAL TERM

  • Topical term or geographic name entry element: Decreto

670 ## - SOURCE DATA FOUND

  • Source citation: Work cat.: (OSt)5911: Superintendencia de servicios públicos 8475, Régimen de servicos públicos domiciliarios Ley 142-1994 / , 1995